[Event "1. OEsterreichische Internet Schach Meisterschaft - Vorrunde 3"]
[Site "Online - Playchess.com"]
[Date ""]
[Round "9"]
[Board "40"]
[White "Meglitsch, Konstantin"]
[Black "Keim, Philipp"]
[Result "1-0"]
[WhiteElo "2041"]
[BlackElo "1926"]
[PlyCount "139"]
[EventDate "2020.04.17"]
[EventRounds "9"]
[EventCountry "AUT"]

1. e4 c6 2. d4 d5 3. Nc3 dxe4 4. Nxe4 Bf5 5. Ng3 Bg6 6. Nf3 Nd7 7. h4 h6 8. h5 Bh7
9. Bd3 Bxd3 10. Qxd3 e6 11. Bd2 Ngf6 12. O-O-O Bd6 13. Ne4 Nxe4 14. Qxe4 Qb6 15.
c4 O-O-O 16. c5 Bxc5 17. dxc5 Nxc5 18. Qc2 Nd3+ 19. Kb1 Nxf2 20. Ba5 Qxa5 21. Qxf2
Qf5+ 22. Qc2 Qxc2+ 23. Kxc2 Rd5 24. Rxd5 cxd5 25. Ne5 f6 26. Ng6 Re8 27. Re1 Kd7
28. g4 e5 29. Kd3 Rc8 30. b3 Ke6 31. Nf4+ Kd6 32. Ng6 e4+ 33. Kd4 Rc2 34. Nh4 Rd2+
35. Ke3 Rxa2 36. Nf5+ Ke5 37. Rd1 Rb2 38. Nd4 Rg2 39. Rc1 Rxg4 40. Ne2 Rh4 41. Rc8
Rxh5 42. Re8+ Kd6 43. Nf4 Re5 44. Rd8+ Kc5 45. Rd7 g5 46. Ne2 f5 47. b4+ Kc4 48.
Rc7+ Kxb4 49. Kd4 Re8 50. Nc3 e3 51. Nxd5+ Kb5 52. Nxe3 f4 53. Rc5+ Kb6 54. Nd5+
Ka6 55. Nc7+ Kb6 56. Nxe8 f3 57. Rf5 g4 58. Ke3 a5 59. Nf6 h5 60. Nxh5 a4 61. Rf4
Kb5 62. Rxg4 a3 63. Rg1 Kb4 64. Nf4 Kb3 65. Nd3 b5 66. Kxf3 b4 67. Ke3 a2 68. Kd2
Ka3 69. Kc2 b3+ 70. Kc3  1-0

[Event "1. OEsterreichische Internet Schach Meisterschaft - Vorrunde 3"]
[Site "Online - Playchess.com"]
[Date ""]
[Round "9"]
[Board "41"]
[White "Hoelzl, Bernhard"]
[Black "Knoll, Martin"]
[Result "0-1"]
[WhiteElo "1392"]
[BlackElo "2018"]
[PlyCount "90"]
[EventDate "2020.04.17"]
[EventRounds "9"]
[EventCountry "AUT"]

1. d4 f5 2. Nf3 Nf6 3. Bf4 g6 4. e3 Bg7 5. Bc4 d5 6. Bb3 c6 7. c4 e6 8. O-O O-O 9.
Nbd2 Nbd7 10. cxd5 exd5 11. Ne5 Kh8 12. Bc2 Qe7 13. a3 Ne4 14. Bxe4 fxe4 15. b4 Nxe5
16. Bxe5 Bxe5 17. dxe5 Qxe5 18. Nb3 Bd7 19. Nc5 Bc8 20. f3 b6 21. Nb3 Ba6 22. Rf2
Bd3 23. Nd4 c5 24. bxc5 bxc5 25. Nc6 Qc7 26. Qa4 Rf6 27. Na5 Qe5 28. Rc1 exf3 29.
Nc6 Qxe3 30. Rcc2 fxg2 31. Rb2 Raf8 32. Qh4 Rxf2 33. Rxf2 Rxf2 34. Qxf2 Qxf2+ 35.
Kxf2 Be4 36. Nxa7 c4 37. Nb5 Kg7 38. a4 Kf6 39. a5 Ke5 40. a6 d4 41. a7 d3 42. Nc3
Ba8 43. Nd1 Kd4 44. Kg1 c3 45. Kf2 c2  0-1

[Event "1. OEsterreichische Internet Schach Meisterschaft - Vorrunde 3"]
[Site "Online - Playchess.com"]
[Date ""]
[Round "9"]
[Board "42"]
[White "Chen, Qingxia"]
[Black "Kucharski, Michael"]
[Result "0-1"]
[WhiteElo "1776"]
[BlackElo "1948"]
[PlyCount "154"]
[EventDate "2020.04.17"]
[EventRounds "9"]
[EventCountry "AUT"]

1. e4 c6 2. d4 d5 3. Bd3 dxe4 4. Bxe4 Nf6 5. Bf3 Bf5 6. Ne2 e6 7. O-O Bd6 8. c3 Qc7
9. Ng3 Bg6 10. Bg5 Nbd7 11. Re1 O-O 12. Nd2 Rfe8 13. Ndf1 Bf4 14. Bxf4 Qxf4 15. Qb3
Qc7 16. a4 Qb6 17. Qa3 a5 18. Ne3 Qc7 19. Nc4 Rab8 20. b4 axb4 21. Qxb4 c5 22. dxc5
Qxc5 23. Qxc5 Nxc5 24. Re5 Ncd7 25. Rb5 b6 26. Bc6 Bd3 27. Rb4 Bxc4 28. Rxc4 Rec8
29. Bb5 Rxc4 30. Bxc4 Rc8 31. Bb5 Rxc3 32. h3 Kf8 33. Rd1 Ke7 34. Ne4 Ra3 35. Ng5
h6 36. Nf3 Nc5 37. Nd4 Nd5 38. Nc6+ Kf6 39. g3 Nc3 40. Rd8 N3xa4 41. Rb8 Ra1+ 42.
Kg2 g5 43. Bxa4 Nxa4 44. Nd4 Ke5 45. Nf3+ Kf6 46. Ra8 Ra2 47. Nd4 Nc3 48. Rb8 Rb2
49. Nc6 Ne4 50. Rb7 Nxf2 51. Kf1 Nxh3 52. Nd8 Rb1+ 53. Kg2 Ng1 54. Rxf7+ Kg6 55.
Rb7 Ne2 56. Nxe6 h5 57. Nd8 Rb2 58. Kf3 Nd4+ 59. Ke4 Ne2 60. Kd3 Nxg3 61. Nc6 h4
62. Ne5+ Kf5 63. Nf3 Kg4 64. Nd4 h3 65. Kc3 Rb1 66. Nc2 Rc1 67. Kd2 Rxc2+ 68. Kxc2
h2 69. Rxb6 h1=Q 70. Rb4+ Kh5 71. Rb1 Qe4+ 72. Kc1 Ne2+ 73. Kb2 Qxb1+ 74. Kxb1 g4
75. Kc2 g3 76. Kd2 g2 77. Kxe2 g1=Q  0-1

[Event "1. OEsterreichische Internet Schach Meisterschaft - Vorrunde 3"]
[Site "Online - Playchess.com"]
[Date ""]
[Round "9"]
[Board "43"]
[White "Gelbenegger, Patrick"]
[Black "Mira, Helene"]
[Result "0-1"]
[WhiteElo "2240"]
[BlackElo "2082"]
[PlyCount "90"]
[EventDate "2020.04.17"]
[EventRounds "9"]
[EventCountry "AUT"]

1. e4 d6 2. d4 Nf6 3. Nc3 c6 4. f4 Qa5 5. Nf3 Nxe4 6. Qd3 d5 7. a3 e6 8. Be2 f5 9.
O-O Nd7 10. Be3 Ndf6 11. Ne5 Bd6 12. b4 Qc7 13. Na4 b5 14. Nc5 Nxc5 15. bxc5 Bxe5
16. fxe5 Ne4 17. Bh5+ g6 18. Bf3 O-O 19. a4 a6 20. axb5 cxb5 21. Bxe4 dxe4 22. Qb3
Qd7 23. c4 bxc4 24. Qxc4 Bb7 25. Rfb1 Bd5 26. Qe2 a5 27. Bd2 a4 28. h4 Bb3 29. Bc3
Qd5 30. h5 f4 31. hxg6 hxg6 32. Qg4 Kg7 33. Rf1 f3 34. gxf3 exf3 35. Bd2 Rf5 36.
Bg5 Rxg5 37. Qxg5 Qxd4+ 38. Rf2 Qxa1+ 39. Kh2 Rf8 40. c6 Qd4 41. Kg3 Qd8 42. Qg4
Bd5 43. Qxa4 Qg5+ 44. Qg4 Qxe5+ 45. Kh3 Rh8+  0-1

[Event "1. OEsterreichische Internet Schach Meisterschaft - Vorrunde 3"]
[Site "Online - Playchess.com"]
[Date ""]
[Round "9"]
[Board "44"]
[White "Postl, Anton"]
[Black "Missethan, Michael"]
[Result "1-0"]
[WhiteElo "2290"]
[BlackElo "2015"]
[PlyCount "133"]
[EventDate "2020.04.17"]
[EventRounds "9"]
[EventCountry "AUT"]

1. Nf3 Nf6 2. g3 d5 3. Bg2 c5 4. O-O Nc6 5. c4 Bf5 6. cxd5 Nxd5 7. d3 Bg6 8. a3 e6
9. Nc3 Be7 10. Bd2 O-O 11. Rc1 b6 12. Qa4 Rc8 13. Rfe1 Bf6 14. e4 Nxc3 15. Bxc3 Bxc3
16. Rxc3 Qd7 17. b4 Ne5 18. Qxd7 Nxd7 19. Rec1 Rcd8 20. Kf1 f6 21. Ke1 Bf7 22. Nd2
Ne5 23. Bf1 cxb4 24. axb4 Rd7 25. Nb3 Rfd8 26. d4 Ng6 27. Bc4 Kf8 28. Ke2 Ne7 29.
Ke3 Ke8 30. Bb5 Ng6 31. h4 Ke7 32. Bxd7 Rxd7 33. h5 Nf8 34. Rc7 Kd6 35. Rxd7+ Nxd7
36. Nd2 Bxh5 37. Ra1 a5 38. bxa5 bxa5 39. Rxa5 Bg6 40. Ra6+ Ke7 41. Ra7 Ke8 42. Nc4
f5 43. e5 Bh5 44. f3 g5 45. f4 gxf4+ 46. Kxf4 Bg4 47. Kg5 h5 48. Ne3 Nb6 49. Rh7
Kf8 50. Kf6 Kg8 51. Rb7 Nd5+ 52. Nxd5 exd5 53. e6 f4 54. gxf4 h4 55. e7 Bh5 56. Kg5
Be8 57. Kxh4 Kf7 58. Kg5 Ke6 59. f5+ Kf7 60. f6 Ke6 61. Rb8 Kf7 62. Rxe8 Kxe8 63.
Kg6 Kd7 64. Kg7 Ke8 65. f7+ Kxe7 66. f8=Q+ Ke6 67. Qf6+  1-0

[Event "1. OEsterreichische Internet Schach Meisterschaft - Vorrunde 3"]
[Site "Online - Playchess.com"]
[Date ""]
[Round "9"]
[Board "45"]
[White "Mayrhuber, Nikola"]
[Black "Hechl, Gerald"]
[Result "0-1"]
[WhiteElo "2025"]
[BlackElo "2333"]
[PlyCount "90"]
[EventDate "2020.04.17"]
[EventRounds "9"]
[EventCountry "AUT"]

1. d4 d5 2. c4 dxc4 3. e3 Be6 4. Nf3 c6 5. a4 Nf6 6. Nc3 g6 7. a5 Bg7 8. Qa4 O-O
9. Bxc4 Bxc4 10. Qxc4 Nbd7 11. O-O e6 12. e4 Re8 13. Rd1 Qc7 14. Be3 Ng4 15. Bg5
Rac8 16. Bh4 b5 17. axb6 Nxb6 18. Qa6 Ra8 19. Bg3 Qd7 20. h3 Nf6 21. Ne5 Qc8 22.
Qe2 Nfd7 23. Ng4 c5 24. d5 exd5 25. Nxd5 Nxd5 26. Rxd5 h5 27. Nh2 Nf6 28. Rd3 Nxe4
29. Qc2 c4 30. Rda3 Nxg3 31. fxg3 Qc5+ 32. Kh1 Rec8 33. Nf3 Qb6 34. R1a2 Qb8 35.
Kh2 Re8 36. Ng5 Rc8 37. Qf2 h4 38. Qxf7+ Kh8 39. Qxg6 Qxg3+ 40. Kg1 Qe1+ 41. Kh2
Be5+ 42. g3 Bxg3+ 43. Rxg3 hxg3+ 44. Kg2 Qf2+ 45. Kh1 Qh2#  0-1

[Event "1. OEsterreichische Internet Schach Meisterschaft - Vorrunde 3"]
[Site "Online - Playchess.com"]
[Date ""]
[Round "9"]
[Board "46"]
[White "Kienboeck, Benjamin"]
[Black "Schein, Karl-Heinz"]
[Result "1/2-1/2"]
[WhiteElo "1922"]
[BlackElo "2187"]
[PlyCount "111"]
[EventDate "2020.04.17"]
[EventRounds "9"]
[EventCountry "AUT"]

1. e4 e5 2. Nf3 Nc6 3. d4 exd4 4. Nxd4 Nf6 5. Nxc6 bxc6 6. e5 Qe7 7. Qe2 Nd5 8. c4
Nb6 9. h4 Bb7 10. Bg5 Qe6 11. b3 Bb4+ 12. Nd2 O-O 13. g3 a5 14. Bh3 f5 15. O-O Rae8
16. Bf4 d6 17. a3 Bc3 18. Rae1 dxe5 19. Be3 a4 20. b4 Bxd2 21. Qxd2 Qxc4 22. Bxb6
cxb6 23. Qd7 Qf7 24. Bxf5 Qxf5 25. Qxb7 Qf3 26. Qxb6 Rf6 27. Qe3 Qd5 28. Qe4 Qf7
29. f4 Qh5 30. fxe5 Rxf1+ 31. Rxf1 Qxe5 32. Qc4+ Kh8 33. Qf4 Qxf4 34. Rxf4 Kg8 35.
Rf3 Re1+ 36. Kf2 Rb1 37. Rc3 Rb3 38. Rxc6 Rxa3 39. b5 Rb3 40. Rc4 a3 41. Ra4 Kf7
42. Ra5 Ke6 43. Ra6+ Kf5 44. b6 Kg4 45. Ra7 Rb2+ 46. Ke3 Kxg3 47. Rxg7+ Kxh4 48.
Rxh7+ Kg5 49. b7 a2 50. b8=Q Rxb8 51. Ra7 Rb2 52. Kd3 Kf5 53. Kc3 Rh2 54. Kb3 Ke4
55. Rxa2 Rxa2 56. Kxa2  1/2-1/2

[Event "1. OEsterreichische Internet Schach Meisterschaft - Vorrunde 3"]
[Site "Online - Playchess.com"]
[Date ""]
[Round "9"]
[Board "47"]
[White "Stolzlechner, Andreas"]
[Black "Guetz, Wolfgang"]
[Result "0-1"]
[WhiteElo "1883"]
[BlackElo "2078"]
[PlyCount "72"]
[EventDate "2020.04.17"]
[EventRounds "9"]
[EventCountry "AUT"]

1. e4 c5 2. c3 d5 3. exd5 Qxd5 4. d4 Nf6 5. Nf3 Bg4 6. Be2 Nc6 7. O-O e6 8. Be3 cxd4
9. cxd4 Be7 10. Nc3 Qa5 11. h3 Bh5 12. Qb3 Qc7 13. Rac1 a6 14. d5 exd5 15. Nxd5 Nxd5
16. Qxd5 Bg6 17. Nd4 Rd8 18. Qf3 Nxd4 19. Bxd4 Qd7 20. Bxg7 Rg8 21. Bf6 Bxf6 22.
Qxf6 Qe6 23. Qxe6+ fxe6 24. Bf3 Rd2 25. Rc8+ Kf7 26. Rc7+ Kf6 27. Rxb7 Bf5 28. Kh2
Bd3 29. Re1 Rxf2 30. Rb6 Bf5 31. b4 Rxa2 32. b5 axb5 33. Rxb5 h5 34. Rb6 h4 35. Rg1
Rg3 36. Bb7 Rxh3#  0-1

[Event "1. OEsterreichische Internet Schach Meisterschaft - Vorrunde 3"]
[Site "Online - Playchess.com"]
[Date ""]
[Round "9"]
[Board "48"]
[White "Milanollo, Mario"]
[Black "Lerch, Johannes"]
[Result "0-1"]
[WhiteElo "2053"]
[BlackElo "2005"]
[PlyCount "60"]
[EventDate "2020.04.17"]
[EventRounds "9"]
[EventCountry "AUT"]

1. e4 c5 2. Nf3 d6 3. d4 cxd4 4. Nxd4 Nf6 5. Nc3 g6 6. Be3 Bg7 7. f3 O-O 8. Bc4 Nc6
9. Qd2 Bd7 10. O-O-O Rc8 11. Bb3 Nxd4 12. Bxd4 b5 13. h4 a5 14. a3 b4 15. axb4 axb4
16. Nd5 Nxd5 17. exd5 Qa5 18. Qe3 Ba4 19. Bxg7 Kxg7 20. h5 Bxb3 21. Qxb3 Rc5 22.
hxg6 fxg6 23. Qe3 Qa1+ 24. Kd2 Rxd5+ 25. Ke2 Rxd1 26. Qh6+ Kf7 27. Qxh7+ Ke8 28.
Qxg6+ Kd8 29. Rxd1 Qxb2 30. Qe4 Qa2  0-1

[Event "1. OEsterreichische Internet Schach Meisterschaft - Vorrunde 3"]
[Site "Online - Playchess.com"]
[Date ""]
[Round "9"]
[Board "50"]
[White "Dreher, David"]
[Black "Kwech, Andreas"]
[Result "1-0"]
[WhiteElo "1888"]
[BlackElo "1901"]
[PlyCount "125"]
[EventDate "2020.04.17"]
[EventRounds "9"]
[EventCountry "AUT"]

1. d4 Nf6 2. Bf4 g6 3. Nc3 Bg7 4. e4 d6 5. Qd2 c6 6. Bh6 Bxh6 7. Qxh6 Qa5 8. f3 Qh5
9. Qe3 Nbd7 10. O-O-O Nb6 11. Kb1 Bd7 12. Nge2 Qa5 13. Nf4 Na4 14. Nxa4 Qxa4 15.
e5 dxe5 16. dxe5 Bf5 17. Bd3 Bxd3 18. Rxd3 Nd5 19. Nxd5 cxd5 20. e6 O-O 21. exf7+
Rxf7 22. Rhd1 Rc8 23. R3d2 Qh4 24. Rxd5 Qxh2 25. R5d2 Qc7 26. a3 b6 27. Qb3 Kg7 28.
Qd3 e5 29. Re2 Re8 30. Rde1 Rfe7 31. g4 Qc5 32. f4 exf4 33. Rxe7+ Rxe7 34. Rf1 Qe3
35. Qd6 h6 36. Rxf4 Qe1+ 37. Ka2 Qe6+ 38. Qxe6 Rxe6 39. b4 g5 40. Rd4 Kg6 41. Kb3
h5 42. gxh5+ Kxh5 43. Rd7 a5 44. bxa5 bxa5 45. Rd5 Ra6 46. c4 Kh4 47. c5 g4 48. Rd6
Ra7 49. c6 Rc7 50. Kc4 g3 51. Kb5 Kh5 52. Rd1 Kg4 53. Kb6 Rh7 54. c7 Rh6+ 55. Kb7
Rh7 56. Kc6 Rh6+ 57. Rd6 Rh8 58. Rd8 Rh6+ 59. Kb7 Rh7 60. Kb6 Rh6+ 61. Kxa5 Rc6 62.
c8=Q+ Rxc8 63. Rxc8  1-0

[Event "1. OEsterreichische Internet Schach Meisterschaft - Vorrunde 3"]
[Site "Online - Playchess.com"]
[Date ""]
[Round "9"]
[Board "51"]
[White "Bachner, Karsten"]
[Black "Grosse, Manfred"]
[Result "1-0"]
[WhiteElo "1997"]
[BlackElo "1860"]
[PlyCount "85"]
[EventDate "2020.04.17"]
[EventRounds "9"]
[EventCountry "AUT"]

1. e4 c5 2. Nf3 g6 3. d4 cxd4 4. Nxd4 Nf6 5. e5 Nd5 6. c4 Nc7 7. Nc3 Nc6 8. f4 Bg7
9. Be2 Nxd4 10. Qxd4 Ne6 11. Qe4 O-O 12. O-O Rb8 13. Be3 b6 14. f5 Bb7 15. Qg4 Nc5
16. Bd4 a6 17. Nd5 Bxd5 18. cxd5 e6 19. f6 Bh8 20. Qh4 d6 21. dxe6 Nxe6 22. Rf3 Nxd4
23. Qxd4 dxe5 24. Qh4 Qd4+ 25. Qxd4 exd4 26. Rd1 Rfe8 27. Bc4 b5 28. Bb3 Rb6 29.
Rxd4 Rxf6 30. Rd7 Rf8 31. Rxf6 Bxf6 32. Rd6 Kg7 33. Rxa6 Bd4+ 34. Kf1 f5 35. Rd6
Bc5 36. Rd7+ Kh6 37. Rd5 Rc8 38. h3 b4 39. Ke2 Be7 40. Rd4 Rc1 41. Kd2 Bg5+ 42. Ke2
Rg1 43. Bd5  1-0

[Event "1. OEsterreichische Internet Schach Meisterschaft - Vorrunde 3"]
[Site "Online - Playchess.com"]
[Date ""]
[Round "9"]
[Board "52"]
[White "Kainz, Josef"]
[Black "Streiter, Gerhard"]
[Result "1/2-1/2"]
[WhiteElo "2005"]
[BlackElo "1973"]
[PlyCount "75"]
[EventDate "2020.04.17"]
[EventRounds "9"]
[EventCountry "AUT"]

1. d4 Nf6 2. c4 e6 3. g3 d5 4. Nf3 Be7 5. Bg2 O-O 6. O-O dxc4 7. Qc2 a6 8. Qxc4 b5
9. Qc2 Bb7 10. Nc3 Nbd7 11. e4 c5 12. Rd1 b4 13. e5 bxc3 14. exf6 Bxf6 15. bxc3 cxd4
16. cxd4 Qa5 17. Ng5 Bxg5 18. Bxb7 Rab8 19. Bxg5 Rxb7 20. Be3 Nf6 21. Rab1 Rxb1 22.
Rxb1 Nd5 23. Bd2 Qa3 24. Rb3 Qd6 25. Qc5 Qxc5 26. dxc5 Rc8 27. c6 Kf8 28. c7 Rxc7
29. Bb4+ Nxb4 30. Rxb4 Rc6 31. Kg2 Ke7 32. h4 h5 33. a4 Kd6 34. Rb7 Rc7 35. Rb6+
Rc6 36. Rb7 Rc7 37. Rb6+ Rc6 38. Rb7  1/2-1/2

[Event "1. OEsterreichische Internet Schach Meisterschaft - Vorrunde 3"]
[Site "Online - Playchess.com"]
[Date ""]
[Round "9"]
[Board "53"]
[White "Kozissnik, Christian"]
[Black "Filek, Mattias"]
[Result "0-1"]
[WhiteElo "2023"]
[BlackElo "1932"]
[PlyCount "130"]
[EventDate "2020.04.17"]
[EventRounds "9"]
[EventCountry "AUT"]

1. d4 d5 2. Nf3 Nf6 3. g3 c6 4. Bg2 Bg4 5. h3 Bh5 6. O-O e6 7. b3 Nbd7 8. Bb2 Bd6
9. c4 O-O 10. Nc3 a5 11. Qc2 Qc7 12. Rac1 Rac8 13. Qd3 Rfd8 14. cxd5 exd5 15. Nb5
Qb8 16. Nxd6 Qxd6 17. Ne5 Re8 18. f4 Ne4 19. g4 f6 20. Nxd7 Qxd7 21. gxh5 Qf5 22.
Qf3 Nd2 23. Qg4 Qxg4 24. hxg4 Nxf1 25. Kxf1 Re3 26. Kf2 Rce8 27. Bf3 R3e7 28. Ba3
Rd7 29. Bc5 a4 30. b4 Rb8 31. Bb6 Ra8 32. a3 Ra6 33. Bc5 b6 34. Be7 Rxe7 35. Rxc6
Rd7 36. b5 Ra8 37. Rxb6 Kf7 38. Ke3 Rc8 39. Kd2 Rc4 40. e3 g6 41. hxg6+ hxg6 42.
Ra6 Kg7 43. b6 Rc6 44. Ra7 Rxa7 45. bxa7 Ra6 46. Bxd5 Rxa7 47. Kc3 Kf8 48. Kb4 Ke7
49. Bc6 Kd6 50. Bxa4 Kd5 51. Bc2 g5 52. fxg5 fxg5 53. a4 Re7 54. e4+ Kxd4 55. a5
Rb7+ 56. Ka4 Kc4 57. a6 Rb2 58. Bb3+ Rxb3 59. a7 Rb1 60. Ka5 Kc5 61. Ka6 Ra1+ 62.
Kb7 Kd4 63. a8=Q Rxa8 64. Kxa8 Kxe4 65. Kb7 Kf4  0-1

[Event "1. OEsterreichische Internet Schach Meisterschaft - Vorrunde 3"]
[Site "Online - Playchess.com"]
[Date ""]
[Round "9"]
[Board "54"]
[White "Haas, Gerald"]
[Black "Rosol, Alexander"]
[Result "0-1"]
[WhiteElo "1906"]
[BlackElo "1933"]
[PlyCount "90"]
[EventDate "2020.04.17"]
[EventRounds "9"]
[EventCountry "AUT"]

1. c4 Nf6 2. Nc3 g6 3. d4 Bg7 4. f3 d6 5. e4 O-O 6. Be3 a6 7. Qd2 Nbd7 8. Bh6 c5
9. Nge2 b5 10. g4 bxc4 11. g5 Nh5 12. Ng3 cxd4 13. Nd5 Ne5 14. f4 Nf3+ 15. Kd1 Nxd2
16. Kxd2 Nxg3 17. hxg3 Qa5+ 18. Ke2 Bg4+ 19. Kf2 Qd2+ 20. Kg1 d3 21. Rh2 Bd4+ 22.
Kh1 Bf3+ 23. Bg2 Qxb2 24. Nxe7+ Kh8 25. Rf1 Bxg2+ 26. Rxg2 Bf6 27. Nd5 Bg7 28. Rxb2
Bxb2 29. f5 Bg7 30. fxg6 fxg6 31. Bxg7+ Kxg7 32. Nf6 d2 33. Kg2 c3 34. Kf2 c2 35.
Ke2 c1=Q 36. Rd1 Rae8 37. Rxd2 Rxf6 38. gxf6+ Kxf6 39. Rxd6+ Kg5 40. Rd5+ Kg4 41.
Kd3 Qb1+ 42. Kc3 Rxe4 43. Rd7 Qb4+ 44. Kc2 Re2+ 45. Kd3 Rd2+  0-1

[Event "1. OEsterreichische Internet Schach Meisterschaft - Vorrunde 3"]
[Site "Online - Playchess.com"]
[Date ""]
[Round "9"]
[Board "55"]
[White "Simon, Christopher"]
[Black "Rosol, Philip"]
[Result "1-0"]
[WhiteElo "1824"]
[BlackElo "1468"]
[PlyCount "137"]
[EventDate "2020.04.17"]
[EventRounds "9"]
[EventCountry "AUT"]

1. d4 Nf6 2. Bf4 g6 3. e3 Bg7 4. Nf3 O-O 5. Nbd2 d6 6. c3 Nbd7 7. Be2 c6 8. O-O Qb6
9. Qb3 h5 10. h3 Nd5 11. Bh2 e5 12. Nc4 Qc7 13. dxe5 Nxe5 14. Nfxe5 dxe5 15. Rad1
b5 16. Nd2 Be6 17. Qc2 f5 18. e4 Nf4 19. Bxf4 exf4 20. Bf3 Rfd8 21. Nb3 Qb6 22. Rxd8+
Rxd8 23. Rd1 a5 24. Rd2 a4 25. Nc1 Qc7 26. Qd1 Rxd2 27. Qxd2 Qd7 28. Qxd7 Bxd7 29.
exf5 gxf5 30. a3 h4 31. Nd3 Bh6 32. Ne5 Be8 33. Nxc6 Kf7 34. Nd4 Kf6 35. Kf1 Ke5
36. Ke2 Bf8 37. Kd3 Bc5 38. Bb7 Bf7 39. Nxb5 Bxf2 40. Bc6 Bc5 41. Nd4 Bb6 42. Bxa4
Bd5 43. Nf3+ Bxf3 44. gxf3 Be3 45. Bd7 Kd6 46. Bxf5 Kc5 47. b4+ Kb6 48. a4 Ka6 49.
Kc4 Kb6 50. a5+ Kb7 51. Kb5 Bd2 52. c4 Be3 53. Ka4 Ka6 54. b5+ Kb7 55. Be4+ Ka7 56.
b6+ Ka6 57. Bf5 Kb7 58. Kb5 Bd2 59. c5 Kb8 60. a6 Be3 61. a7+ Kb7 62. Be4+ Kc8 63.
a8=Q+ Kd7 64. Qd5+ Ke7 65. b7 Kf6 66. b8=Q Ke7 67. Qbe5+ Kf8 68. Qd8+ Kf7 69. Qef6#
 1-0

[Event "1. OEsterreichische Internet Schach Meisterschaft - Vorrunde 3"]
[Site "Online - Playchess.com"]
[Date ""]
[Round "9"]
[Board "56"]
[White "Pilshofer, Paul"]
[Black "Borrmann, Laurenz"]
[Result "1-0"]
[WhiteElo "1715"]
[BlackElo "1880"]
[PlyCount "203"]
[EventDate "2020.04.17"]
[EventRounds "9"]
[EventCountry "AUT"]

1. d4 Nf6 2. Nf3 g6 3. g3 Bg7 4. Bg2 O-O 5. O-O c5 6. b3 Nc6 7. Bb2 b6 8. dxc5 bxc5
9. Ne5 Bb7 10. Nc3 Qc7 11. Nb5 Qb6 12. a4 a6 13. Nc4 Qd8 14. Nc3 d6 15. Nd5 Nxd5
16. Bxg7 Kxg7 17. Bxd5 Rb8 18. Bg2 Qd7 19. e4 Rfd8 20. Qd2 e6 21. Rad1 Nd4 22. Qd3
Qc7 23. f4 d5 24. Ne5 f6 25. Ng4 h5 26. Ne3 dxe4 27. Bxe4 Bxe4 28. Qxe4 Qb7 29. Qxb7+
Rxb7 30. Kf2 Rbd7 31. Rd2 Nc6 32. Rxd7+ Rxd7 33. Rd1 Rxd1 34. Nxd1 Nd4 35. Ne3 Kf7
36. Ke1 Ke7 37. Kd2 Kd6 38. Nc4+ Kd5 39. Kd3 Nf3 40. Ne3+ Kd6 41. Nf1 Nd4 42. Kc4
e5 43. c3 Ne2 44. Kd3 Ng1 45. Ke3 Nh3 46. fxe5+ Kxe5 47. Nd2 Ng5 48. Nf3+ Kf5 49.
Nh4+ Kg4 50. Nxg6 Kh3 51. Nf4+ Kxh2 52. Nxh5 Kh3 53. Nxf6 Kxg3 54. Ne4+ Kg4 55. Nxc5
a5 56. Nb7 Kf5 57. Nxa5 Ke5 58. Nc4+ Kd5 59. a5 Ne6 60. Kd3 Nc5+ 61. Kc2 Kc6 62.
b4 Ne4 63. Kb3 Kb5 64. Na3+ Kc6 65. c4 Nd2+ 66. Kc3 Ne4+ 67. Kd4 Nd2 68. b5+ Kc7
69. Kd5 Nb3 70. a6 Kb6 71. Kd6 Nc5 72. Nc2 Ne4+ 73. Ke5 Nd2 74. Kd4 Nb3+ 75. Kc3
Nc5 76. Nb4 Ne4+ 77. Kd4 Nf6 78. Ke5 Nd7+ 79. Kd6 Nf6 80. c5+ Ka7 81. Nc6+ Ka8 82.
b6 Ne4+ 83. Kd5 Nd6 84. b7+ Nxb7 85. axb7+ Kxb7 86. Na5+ Kc7 87. c6 Kc8 88. Kd6 Kd8
89. c7+ Kc8 90. Nb3 Kb7 91. Kd7 Kb6 92. c8=Q Kb5 93. Qc5+ Ka4 94. Qf5 Ka3 95. Kd6
Ka2 96. Kd5 Ka3 97. Nc5 Ka2 98. Nd7 Ka1 99. Qf2 Kb1 100. Kc4 Kc1 101. Kc3 Kd1 102.
Qd2#  1-0

[Event "1. OEsterreichische Internet Schach Meisterschaft - Vorrunde 3"]
[Site "Online - Playchess.com"]
[Date ""]
[Round "9"]
[Board "57"]
[White "Soelkner, Julian"]
[Black "Buchegger, Fridolin"]
[Result "0-1"]
[WhiteElo "1484"]
[BlackElo "1827"]
[PlyCount "78"]
[EventDate "2020.04.17"]
[EventRounds "9"]
[EventCountry "AUT"]

1. e4 e5 2. Nf3 Nc6 3. Bc4 Bc5 4. d3 h6 5. O-O Nf6 6. Be3 Bb6 7. Nbd2 d6 8. c3 Bg4
9. h3 Be6 10. Bb3 O-O 11. Qc2 d5 12. Bxb6 axb6 13. Rad1 Qe7 14. Rfe1 dxe4 15. Nxe4
Nxe4 16. dxe4 Bxb3 17. axb3 Ra2 18. Rd2 Rfa8 19. Red1 Ra1 20. b4 Qe6 21. Nh4 Qc4
22. Nf5 Nxb4 23. cxb4 Qxc2 24. Rxc2 Rxd1+ 25. Kh2 c6 26. b5 c5 27. b4 g6 28. Nxh6+
Kg7 29. Ng4 Rc8 30. Nxe5 Rd4 31. f3 Rxb4 32. Kg3 Rxb5 33. Kg4 Rd8 34. h4 Rb4 35.
g3 f5+ 36. Kg5 fxe4 37. fxe4 Rxe4 38. Nxg6 Rd5+ 39. Ne5 Rdxe5#  0-1

[Event "1. OEsterreichische Internet Schach Meisterschaft - Vorrunde 3"]
[Site "Online - Playchess.com"]
[Date ""]
[Round "9"]
[Board "58"]
[White "Huber, Guenther"]
[Black "Marakovits, Nico"]
[Result "0-1"]
[WhiteElo "1979"]
[BlackElo "2105"]
[PlyCount "82"]
[EventDate "2020.04.17"]
[EventRounds "9"]
[EventCountry "AUT"]

1. c4 Nf6 2. g3 g6 3. Bg2 e5 4. e4 Bg7 5. Nc3 O-O 6. Nge2 d6 7. O-O Nc6 8. d3 Ne8
9. Nd5 f5 10. f4 fxe4 11. dxe4 Bg4 12. Be3 exf4 13. gxf4 Qd7 14. Qd2 Bh3 15. Ng3
Bxg2 16. Kxg2 Nf6 17. h3 Ne7 18. Rab1 c6 19. Nxe7+ Qxe7 20. Qd3 Rfe8 21. Bd4 Nxe4
22. Bxg7 Kxg7 23. Rbe1 d5 24. cxd5 cxd5 25. Qxd5 Rad8 26. Qxe4 Rd2+ 27. Kh1 Qh4 28.
Nf5+ gxf5 29. Rg1+ Kf6 30. Qf3 Rxe1 31. Qc3+ Kf7 32. Qg7+ Ke6 33. Qg8+ Kd7 34. Qf7+
Re7 35. Qxf5+ Kd6 36. Qc8 Qxf4 37. Qd8+ Rd7 38. Qb8+ Rc7 39. Qd8+ Kc6 40. Rc1+ Kb6
41. Rxc7 Qh2#  0-1

[Event "1. OEsterreichische Internet Schach Meisterschaft - Vorrunde 3"]
[Site "Online - Playchess.com"]
[Date ""]
[Round "9"]
[Board "59"]
[White "Pedevilla, Luis"]
[Black "Heinrici, Simon"]
[Result "1/2-1/2"]
[WhiteElo "1650"]
[BlackElo "2151"]
[PlyCount "163"]
[EventDate "2020.04.17"]
[EventRounds "9"]
[EventCountry "AUT"]

1. e4 e5 2. Nf3 Nc6 3. Bb5 a6 4. Ba4 Nf6 5. d3 b5 6. Bb3 Bc5 7. O-O d6 8. h3 h6 9.
c3 Ba7 10. Re1 Ne7 11. Be3 Ng6 12. Bxa7 Rxa7 13. Nbd2 O-O 14. Nf1 Bd7 15. Ng3 Qc8
16. Kh2 Nf4 17. Nh4 Bxh3 18. Nhf5 Bxf5 19. Nxf5 Qd7 20. a4 g6 21. Nxh6+ Kg7 22. Nxf7
Rxf7 23. Bxf7 Qe7 24. Bb3 Ra8 25. Rh1 bxa4 26. Rxa4 Qd7 27. Kg1 c6 28. g3 N4h5 29.
Qf3 d5 30. exd5 cxd5 31. Ra5 e4 32. dxe4 dxe4 33. Qe2 Qc7 34. Rxa6 Rxa6 35. Qxa6
Nxg3 36. Rh3 Ngh5 37. Qe6 Qf4 38. Qf7+ Kh6 39. Qf8+ Kg5 40. Qc5+ Kh6 41. Qe3 g5 42.
Qxf4 gxf4 43. Bc2 Kg5 44. c4 Ng7 45. Kg2 Nf5 46. c5 Nd4 47. Bb1 f3+ 48. Kf1 Kf4 49.
Rg3 Ng4 50. Bxe4 Nb3 51. Bxf3 Nd2+ 52. Kg2 Ne5 53. Be2 Ne4 54. Rf3+ Nxf3 55. Bxf3
Nxc5 56. b4 Nd7 57. b5 Nb6 58. Bc6 Nc4 59. f3 Nb6 60. Be4 Nd7 61. Kh3 Nb6 62. Kh4
Nd7 63. Kh5 Ke5 64. Kg6 Nf8+ 65. Kg5 Ne6+ 66. Kg4 Nc5 67. b6 Nd7 68. b7 Nb8 69. Kg5
Ke6 70. f4 Kf7 71. Kh6 Kf6 72. f5 Nd7 73. Kh5 Nb8 74. Kg4 Nd7 75. Bc6 Ne5+ 76. Kf4
Nxc6 77. Ke4 Nb8 78. Kf4 Nc6 79. Ke4 Nb8 80. Kf4 Nd7 81. Kg4 Nb8 82. Kf4  1/2-1/2